Proposiciones teóricas que explican el papel subordinado de la mujer en la sociedad y el desarrollo de los movimientos feministas

Na minha lista:
Detalhes bibliográficos
Formato: Texto
Assuntos:
Tags: Adicionar Tag
Sem tags, seja o primeiro a adicionar uma tag!

MARC

LEADER 00000 a a2200000 04500
001 5089
003
040
245 |a Proposiciones teóricas que explican el papel subordinado de la mujer en la sociedad y el desarrollo de los movimientos feministas  
650 |a RELACIONES DE PODER  
650 |a MUJERES  
650 |a GENERO  
650 |a SOCIEDAD  
650 |a MOVIMIENTO DE MUJERES  
650 |a REVOLUCION  
650 |a TEOLOGIA DE LA LIBERACION  
650 |a IGUALDAD  
650 |a PATRIARCADO  
650 |a EL SALVADOR  
773 |g volumen 2, número 8; páginas 12-37  
999 |c 30209  |d 30209